| 000 | 00703nam a2200205Ii 4500 | ||
|---|---|---|---|
| 001 | 10530 | ||
| 003 | CO-ViMGA | ||
| 008 | 241108s9999||||xx |||||||||||||| ||und|| | ||
| 040 |
_aCO-ViMGA _bspa _erda _cCO-ViMGA |
||
| 041 | 0 | _aunk | |
| 082 | 0 | 4 | _a987-V458 |
| 110 | 1 |
_aVenezuela Presidencia de la República de Venezuela _957363 |
|
| 245 | 1 | 0 | _aHomenaje al general Carlos Soublette en el centenario de su muerte 1789-1870 |
| 264 | 1 | _a[Lugar de publicación no identificado] : Presidencia de la República, 1960 | |
| 300 | _avolumen | ||
| 336 |
_atext _btxt _2rdacontent |
||
| 337 |
_aunmediated _bn _2rdamedia |
||
| 338 |
_avolume _bnc _2rdacarrier |
||
| 940 | _aidficha_siabuc: 10277. -- ficha_no_siabuc:10530 | ||
| 999 |
_c55966 _d55966 |
||